<?xml version="1.0" encoding="UTF-8"?>
<collection xmlns="http://www.loc.gov/MARC21/slim">
 <record>
  <leader>00443pamaa2200145   4500</leader>
  <controlfield tag="001">0000030135</controlfield>
  <controlfield tag="005">20071123090000.0</controlfield>
  <datafield tag="020" ind1="0" ind2="0">
   <subfield code="a">052129455X </subfield>
  </datafield>
  <datafield tag="090" ind1="0" ind2="0">
   <subfield code="a">PR2823 </subfield>
   <subfield code="b">SHA 1997</subfield>
  </datafield>
  <datafield tag="100" ind1="1" ind2="0">
   <subfield code="a">Shakespeare, </subfield>
   <subfield code="d">1564-1616 </subfield>
  </datafield>
  <datafield tag="245" ind1="1" ind2="0">
   <subfield code="a">Macbeth  </subfield>
   <subfield code="c">edited by A. R. Braunmuller.</subfield>
  </datafield>
  <datafield tag="260" ind1="0" ind2="0">
   <subfield code="a">cambridge: </subfield>
   <subfield code="b">Cambridge University Press, </subfield>
   <subfield code="c">1997.</subfield>
  </datafield>
  <datafield tag="300" ind1=" " ind2=" ">
   <subfield code="a">220xxii, 280p.; </subfield>
   <subfield code="c">22cm.</subfield>
  </datafield>
  <datafield tag="650" ind1="0" ind2="0">
   <subfield code="a">Macbeth, King of Scotland, 11 cent -- </subfield>
   <subfield code="x">Drama </subfield>
  </datafield>
  <datafield tag="700" ind1="1" ind2="1">
   <subfield code="a">BRAUNMULLER, </subfield>
   <subfield code="h">A.R. </subfield>
  </datafield>
 </record>
</collection>
